<?xml version="1.0" encoding="UTF-8"?>
<record
    xmlns:xsi="http://www.w3.org/2001/XMLSchema-instance"
    xsi:schemaLocation="http://www.loc.gov/MARC21/slim http://www.loc.gov/standards/marcxml/schema/MARC21slim.xsd"
    xmlns="http://www.loc.gov/MARC21/slim">

  <leader>01862nam a2200301 a 4500</leader>
  <controlfield tag="001">000016698</controlfield>
  <controlfield tag="003">DO-SdBNP</controlfield>
  <controlfield tag="005">20231120123413.0</controlfield>
  <controlfield tag="007">ta</controlfield>
  <controlfield tag="008">100309s1974    dr            000 0 spa d</controlfield>
  <datafield tag="040" ind1=" " ind2=" ">
    <subfield code="a">DO-SdBNP</subfield>
    <subfield code="b">spa</subfield>
    <subfield code="c">BPMSU </subfield>
  </datafield>
  <datafield tag="082" ind1=" " ind2="4">
    <subfield code="a">465</subfield>
    <subfield code="b">B171a 1974</subfield>
    <subfield code="2">22</subfield>
  </datafield>
  <datafield tag="100" ind1="1" ind2=" ">
    <subfield code="a"> Balaguer, Joaqu&#xED;n,</subfield>
    <subfield code="d">1906-2002</subfield>
    <subfield code="9">2</subfield>
  </datafield>
  <datafield tag="100" ind1="z" ind2=" ">
    <subfield code="a">Balaguer y Ricardo, Joaqu&#xED;n,</subfield>
    <subfield code="d"> 1906-2002</subfield>
  </datafield>
  <datafield tag="100" ind1="z" ind2=" ">
    <subfield code="a">Balaguer Ricardo, Joaqu&#xED;n,</subfield>
    <subfield code="d">1906-2002</subfield>
  </datafield>
  <datafield tag="100" ind1="z" ind2=" ">
    <subfield code="a">Ricardo, Joaqu&#xED;n Balaguer y,</subfield>
    <subfield code="d">1906-2002</subfield>
  </datafield>
  <datafield tag="245" ind1="1" ind2="0">
    <subfield code="a">Apuntes para una historia pros&#xF3;dica de la m&#xE9;trica castellana /</subfield>
    <subfield code="c">Joaqu&#xED;n Balaguer.</subfield>
  </datafield>
  <datafield tag="260" ind1=" " ind2=" ">
    <subfield code="a">Santo Domingo :</subfield>
    <subfield code="b">Talleres Fuentes Impresores,</subfield>
    <subfield code="c">1974</subfield>
  </datafield>
  <datafield tag="300" ind1=" " ind2=" ">
    <subfield code="a">269 p. ;</subfield>
    <subfield code="c">24 cm.</subfield>
  </datafield>
  <datafield tag="500" ind1=" " ind2=" ">
    <subfield code="a">Incluye datos biogr&#xE1;ficos del autor en las solapas de las cubierta.</subfield>
  </datafield>
  <datafield tag="504" ind1=" " ind2=" ">
    <subfield code="a">Incluye referencias bibliogr&#xE1;ficas y notas al pie de las p&#xE1;ginas.</subfield>
  </datafield>
  <datafield tag="505" ind1="0" ind2=" ">
    <subfield code="a">Prefacio.</subfield>
    <subfield code="t">Las ideas de Nebrija acerca de la versificaci&#xF3;n castellana.--</subfield>
    <subfield code="t">La verdadera teor&#xED;a de verso de arte mayor.--</subfield>
    <subfield code="t">La doctrina de Andr&#xE9;s Bello.--</subfield>
    <subfield code="t">La teor&#xED;a de Hansen.--</subfield>
    <subfield code="t">Teor&#xED;a de Morel Fatio.--</subfield>
    <subfield code="t">La teor&#xED;a de Foulch&#xE9; Delbosc.--</subfield>
    <subfield code="t">Car&#xE1;cter ind&#xED;gena del arte mayor.--</subfield>
    <subfield code="g">I (109). -II (123). III (132).</subfield>
    <subfield code="t">Evoluci&#xF3;n del verso de arte mayor.--</subfield>
    <subfield code="t">Del arte de Juan de Mena al de Rub&#xE9;n Dar&#xED;o.--</subfield>
    <subfield code="t">El endecas&#xED;labo de arte mayor y el endecas&#xED;labo italiano.--</subfield>
    <subfield code="t">Palabras con dos acentos r&#xED;tmicos.--</subfield>
    <subfield code="t">La acentuaci&#xF3;n de los monos&#xED;labos en la versificaci&#xF3;n castellana. </subfield>
    <subfield code="g">I (205).-II (216).</subfield>
    <subfield code="t">La dislocaci&#xF3;n del acento en el verso castellano.--</subfield>
    <subfield code="t">En torno a un pretendido vicio pros&#xF3;dico de los poetas hispanos americanos.</subfield>
    <subfield code="g">I (245) .-II (253) .-III (256) .-IV (263) .- V (267).</subfield>
  </datafield>
  <datafield tag="590" ind1=" " ind2=" ">
    <subfield code="a">Inventariado 2023/VM</subfield>
  </datafield>
  <datafield tag="650" ind1=" " ind2="4">
    <subfield code="a">Espa&#xF1;ol</subfield>
    <subfield code="x">Versificaci&#xF3;n</subfield>
  </datafield>
  <datafield tag="650" ind1=" " ind2="4">
    <subfield code="a">Versificaci&#xF3;n</subfield>
    <subfield code="x">Arte de Escribir</subfield>
  </datafield>
  <datafield tag="910" ind1=" " ind2=" ">
    <subfield code="a"> VMateo V. control de calidad. BPMSU</subfield>
  </datafield>
  <datafield tag="942" ind1=" " ind2=" ">
    <subfield code="2">ddc</subfield>
    <subfield code="c">BK</subfield>
  </datafield>
  <datafield tag="952" ind1=" " ind2=" ">
    <subfield code="0">0</subfield>
    <subfield code="1">0</subfield>
    <subfield code="2">ddc</subfield>
    <subfield code="4">0</subfield>
    <subfield code="7">0</subfield>
    <subfield code="8">CD</subfield>
    <subfield code="a">BPMET</subfield>
    <subfield code="b">BPMET</subfield>
    <subfield code="d">2023-11-20</subfield>
    <subfield code="l">0</subfield>
    <subfield code="o">BPMSU CD 465 B171a 1974</subfield>
    <subfield code="p">BPMSU23110013</subfield>
    <subfield code="r">2023-11-20</subfield>
    <subfield code="w">2023-11-20</subfield>
    <subfield code="y">BK</subfield>
  </datafield>
  <datafield tag="999" ind1=" " ind2=" ">
    <subfield code="c">14492</subfield>
    <subfield code="d">14492</subfield>
  </datafield>
</record>
